In the name of the law: the collapse of criminal justice

Saved in:  
Bibliographic Details
Main Author: Rose, David 1959 July 21- (Author)
Format: Print Book
Language:English
Published: London Jonathan Cape 1996
In:Year: 1996
Availability in Tübingen:Present in Tübingen.
UB: KB 19 A 4605
Check availability: HBZ Gateway
Subito Delivery Service: Order now.
Keywords:

MARC

LEADER 00000cam a2200000 c 4500
001 214271560
003 DE-627
005 20251222205227.0
007 tu
008 960819s1996 xxk||||| 00| ||eng c
016 7 |a 0224037447  |2 UK 
020 |a 0224037447  |c  : £17.99  |9 0-224-03744-7 
035 |a (DE-627)214271560 
035 |a (DE-576)052083160 
035 |a (DE-599)GBV214271560 
035 |a (OCoLC)636602603 
035 |a (OCoLC)35159474 
035 |a (DE-604)810694276x 
040 |a DE-627  |b ger  |c DE-627  |e rakwb 
041 |a eng 
044 |c XA-GB 
050 0 |a KD7876 
082 0 |a 364.941 
084 |a PH 6165  |2 rvk  |0 (DE-625)rvk/136408:406 
100 1 |a Rose, David  |d 1959 July 21-  |4 aut 
245 1 0 |a In the name of the law  |b the collapse of criminal justice  |c David Rose 
263 |a : £ 17.99 
264 1 |a London  |b Jonathan Cape  |c 1996 
300 |a XII, 356 S.  |c 24 cm 
336 |a Text  |b txt  |2 rdacontent 
337 |a ohne Hilfsmittel zu benutzen  |b n  |2 rdamedia 
338 |a Band  |b nc  |2 rdacarrier 
500 |a Includes bibliographical references (p. [339]-347) and index 
583 1 |a Archivierung prüfen  |c 20200919  |f DE-640  |z 2  |2 pdager 
650 0 |a Criminal justice, Administration of  |x Great Britain 
650 0 |a Judicial error  |x Great Britain 
650 4 |a Judicial error  |x Great Britain  |x Case studies 
650 4 |a Criminal Law  |x Justice 
650 4 |a Great Britain 
689 0 0 |d g  |0 (DE-588)4014770-8  |0 (DE-627)10466553X  |0 (DE-576)208909346  |a England  |2 gnd 
689 0 1 |d s  |0 (DE-588)4057789-2  |0 (DE-627)106149466  |0 (DE-576)209123729  |a Strafgerichtsbarkeit  |2 gnd 
689 0 2 |d s  |0 (DE-588)4115716-3  |0 (DE-627)10581220X  |0 (DE-576)209495499  |a Reform  |2 gnd 
689 0 |5 (DE-627) 
689 1 0 |d g  |0 (DE-588)4022153-2  |0 (DE-627)104665513  |0 (DE-576)208942076  |a Großbritannien  |2 gnd 
689 1 1 |d s  |0 (DE-588)4121733-0  |0 (DE-627)104544449  |0 (DE-576)209545712  |a Strafrechtspflege  |2 gnd 
689 1 2 |d s  |0 (DE-588)4115716-3  |0 (DE-627)10581220X  |0 (DE-576)209495499  |a Reform  |2 gnd 
689 1 |5 (DE-627) 
935 |i Blocktest 
936 r v |a PH 6165  |b Strafverfahrensrecht, Strafvollzug, Gesetzgebungsmaterialien und -entwürfe zum Strafverfahrensrecht und Strafvollzug  |k Rechtswissenschaft  |k Strafrecht, Strafverfahrensrecht, Kriminologie  |k Vergleichendes und ausländisches Straf- und Strafprozessrecht einschliesslich Strafvollzug  |k Ausländisches Recht - Einzelne Länder  |k Westeuropa  |k Grossbritannien  |k Strafverfahrensrecht, Strafvollzug, Gesetzgebungsmaterialien und -entwürfe zum Strafverfahrensrecht und Strafvollzug  |0 (DE-627)1272577309  |0 (DE-625)rvk/136408:406  |0 (DE-576)202577309 
951 |a BO 
ELC |b 1 
LOK |0 000 xxxxxcx a22 zn 4500 
LOK |0 001 3120334618 
LOK |0 003 DE-627 
LOK |0 004 214271560 
LOK |0 005 20010607000000 
LOK |0 008 960718||||||||||||||||ger||||||| 
LOK |0 040   |a DE-21  |c DE-627  |d DE-21 
LOK |0 852   |a DE-21 
LOK |0 852 1  |c KB 19 A 4605  |9 00 
LOK |0 935   |a krim 
LOK |0 936ln  |a k4.6.5 
LOK |0 939   |a 18-07-96  |b l01 
ORI |a SA-MARC-krimdoka001.raw 
SIG |a UB: KB 19 A 4605 
TIM |a 000000000000_100017071231  |b  - 1707